[Event "42. Torneo Capablanca In Memoriam-Open"]
[Site "La Habana CUB"]
[Date "2007.05.27"]
[Round "9.27"]
[White "Ordaz Valdes, Lisandra"]
[Black "Llaudy Pupo, Lisandra"]
[Result "0-1"]
[WhiteElo "2222"]
[BlackElo "2245"]
[PlyCount "152"]
[EventDate "2007.05.18"]
[EventType "swiss"]
[EventRounds "9"]
[EventCountry "CUB"]
[Source "lmi"]
[SourceDate "2007.05.18"]

1. c4 Nf6 2. Nc3 e5 3. Nf3 Nc6 4. e3 d6 5. d4 Bf5 6. d5 Ne7 7. Nd2 g6 8. Be2
Bg7 9. O-O O-O 10. e4 Bd7 11. b4 Ne8 12. a4 f5 13. f3 f4 14. Ba3 g5 15. c5 h5
16. Nc4 Rf6 17. Rc1 Rg6 18. h3 g4 19. hxg4 hxg4 20. fxg4 Nf6 21. b5 Nxg4 22. c6
bxc6 23. bxc6 Bc8 24. Qe1 Kf7 25. Nb5 a6 26. Nxc7 Qxc7 27. Nxd6+ Rxd6 28. Bxd6
Qxd6 29. Qh4 Ng6 30. Qg3 Ke7 31. Qc3 Nf6 32. Bf3 Nh4 33. Qc5 Ne8 34. Qxd6+ Nxd6
35. Kf2 a5 36. Rh1 Bf6 37. Rb1 Ba6 38. Rb6 Bd3 39. c7 Rc8 40. Rc1 Nxf3 41. gxf3
Kd7 42. Rbc6 Bh4+ 43. Kg2 Be7 44. Kf2 Rg8 45. Rh1 Bc4 46. Rh7 Bb3 47. Ra6 Rc8
48. Rxa5 Rxc7 49. Ra6 Nc8 50. Re6 Rc2+ 51. Kg1 Bxa4 52. Rxe5 Rc3 53. Rf5 Rxf3
54. Kg2 Rg3+ 55. Kf2 Rg4 56. Rff7 Ke8 57. e5 Bc2 58. Rhg7 Rxg7 59. Rxg7 Be4 60.
d6 Nxd6 61. exd6 Bxd6 62. Kf1 Bd5 63. Rg5 Bf7 64. Kf2 Ke7 65. Kf3 Kf6 66. Ra5
Be5 67. Ra4 Kf5 68. Rxf4+ Bxf4 69. Ke2 Ke4 70. Kf2 Bh5 71. Kg2 Bg4 72. Kf2 Kd3
73. Kg2 Ke2 74. Kg1 Bh3 75. Kh1 Kf3 76. Kg1 Kg3 0-1

[Event "42. Torneo Capablanca In Memoriam-Open"]
[Site "La Habana CUB"]
[Date "2007.05.27"]
[Round "9.28"]
[White "Piña Vega, Sulennis"]
[Black "Pazos Gambarrotti, Plinio"]
[Result "0-1"]
[WhiteElo "2322"]
[BlackElo "2375"]
[PlyCount "96"]
[EventDate "2007.05.18"]
[EventType "swiss"]
[EventRounds "9"]
[EventCountry "CUB"]
[Source "lmi"]
[SourceDate "2007.05.18"]

1. e4 c5 2. Nf3 e6 3. d3 Nc6 4. g3 d5 5. Nbd2 Nf6 6. Bg2 Be7 7. O-O O-O 8. Re1
b5 9. e5 Nd7 10. h4 a5 11. Nf1 a4 12. a3 b4 13. N1h2 bxa3 14. bxa3 Ba6 15. Bg5
Rb8 16. Ng4 Kh8 17. Qc1 Rc8 18. Bxe7 Qxe7 19. Qf4 c4 20. d4 c3 21. h5 Na5 22.
Nh4 Rc6 23. Ne3 Nc4 24. Qg4 Rb8 25. Nxd5 exd5 26. Nf5 Qf8 27. Bxd5 Rc7 28. Qf4
Ndb6 29. Be4 Rd7 30. Bc6 Nd5 31. Qh4 Nd2 32. Bxd5 Rxd5 33. Re3 h6 34. Nxh6 Rb6
35. Ng4 Qd8 36. Qxd8+ Rxd8 37. Rxc3 Rxd4 38. f4 Ne4 39. Rc7 Nxg3 40. Rxf7 Rxf4
41. Rxf4 Ne2+ 42. Kf2 Nxf4 43. h6 Bc8 44. Kf3 Ng6 45. hxg7+ Kxg7 46. Rg1 Rc6
47. c4 Rxc4 48. Nf6 Kf7 0-1

[Event "42. Torneo Capablanca In Memoriam-Open"]
[Site "La Habana CUB"]
[Date "2007.05.27"]
[Round "9.29"]
[White "Garcia Pantoja, Roberto"]
[Black "Alonso Moyano, Jonathan"]
[Result "0-1"]
[WhiteElo "2230"]
[BlackElo "2365"]
[PlyCount "30"]
[EventDate "2007.05.18"]
[EventType "swiss"]
[EventRounds "9"]
[EventCountry "CUB"]
[Source "lmi"]
[SourceDate "2007.05.18"]

1. e4 c5 2. Nf3 d6 3. d4 Nf6 4. Nc3 cxd4 5. Nxd4 g6 6. Be3 Bg7 7. f3 Nc6 8. Qd2
O-O 9. Bc4 Nd7 10. O-O-O Nb6 11. Bb3 Na5 12. Bh6 Nbc4 13. Qg5 e5 14. Nde2 Bf6
15. Qg3 Bh4 0-1

[Event "42. Torneo Capablanca In Memoriam-Open"]
[Site "La Habana CUB"]
[Date "2007.05.27"]
[Round "9.30"]
[White "Arribas Robaina, Maritza"]
[Black "Quezada Perez, Yasser"]
[Result "0-1"]
[WhiteElo "2335"]
[BlackElo "2155"]
[PlyCount "144"]
[EventDate "2007.05.18"]
[EventType "swiss"]
[EventRounds "9"]
[EventCountry "CUB"]
[Source "lmi"]
[SourceDate "2007.05.18"]

1. e4 e5 2. Nf3 Nc6 3. Bc4 Bc5 4. O-O Nf6 5. d3 d6 6. c3 Bg4 7. Be3 Bb6 8. Nbd2
O-O 9. h3 Bh5 10. Qe2 d5 11. exd5 Nxd5 12. Bxb6 axb6 13. Qe4 Nf4 14. d4 Bg6 15.
Qe3 b5 16. Bxb5 Nd5 17. Qe2 exd4 18. Nxd4 Nxd4 19. cxd4 Nb4 20. Nf3 c6 21. Bc4
b5 22. Bb3 Bd3 23. Qd2 Bxf1 24. Rxf1 Qd6 25. a3 Nd5 26. Rc1 Nf4 27. g3 Ne6 28.
Qe2 Nxd4 29. Nxd4 Qxd4 30. Rxc6 Rae8 31. Qf3 Qxb2 32. Rb6 Qc1+ 33. Kg2 Qc5 34.
Rb7 Re7 35. a4 Rxb7 36. Qxb7 bxa4 37. Bxa4 Qd6 38. Bb3 Qf6 39. Qc7 g6 40. h4
Re8 41. Bd5 Re2 42. Qa7 Rd2 43. Bb3 Kg7 44. Qe3 Qc6+ 45. Kg1 Rb2 46. Qd4+ Qf6
47. Qe3 Rb1+ 48. Kh2 h6 49. Bd5 g5 50. hxg5 hxg5 51. Kg2 Rb5 52. Qd3 Rc5 53.
Bf3 Qe5 54. Qd7 Rc2 55. Qd3 Qc5 56. Qf1 Qd4 57. g4 Ra2 58. Qe1 Kf6 59. Kg3 Qd2
60. Qf1 Ra3 61. Kg2 Qd3 62. Qxd3 Rxd3 63. Be4 Rd4 64. Bf5 Ke5 65. Kg3 Rc4 66.
Bh7 Rc3+ 67. f3 Kd4 68. Bg8 f6 69. Bh7 Ke3 70. Be4 Rc1 71. Bd5 Rg1+ 72. Kh2 Kf2
0-1

[Event "42. Torneo Capablanca In Memoriam-Open"]
[Site "La Habana CUB"]
[Date "2007.05.27"]
[Round "9.31"]
[White "Ibarra Chami, Luis"]
[Black "Diaz Diaz, Joaquin Carlos"]
[Result "1-0"]
[WhiteElo "2325"]
[BlackElo "2323"]
[PlyCount "71"]
[EventDate "2007.05.18"]
[EventType "swiss"]
[EventRounds "9"]
[EventCountry "CUB"]
[Source "lmi"]
[SourceDate "2007.05.18"]

1. e4 c5 2. Nc3 Nc6 3. Bb5 d6 4. f4 Bd7 5. Nf3 g6 6. O-O Bg7 7. d3 Nf6 8. a4
O-O 9. Ne2 a6 10. Bxc6 Bxc6 11. a5 c4 12. Nc3 cxd3 13. cxd3 b6 14. axb6 Qxb6+
15. Kh1 Ng4 16. Qe2 f5 17. exf5 gxf5 18. h3 Nf6 19. Ng5 Kh8 20. Be3 Qb7 21. Bd4
h6 22. Ne6 Rg8 23. Rf2 Kh7 24. Ra5 Bb5 25. Nxb5 axb5 26. Rxa8 Qxa8 27. Nxg7
Rxg7 28. Qe6 Qa5 29. Qxf5+ Kg8 30. Qe6+ Kh7 31. Rc2 Qa1+ 32. Kh2 Qd1 33. Bxf6
Qxc2 34. Bxg7 Kxg7 35. Qxe7+ Kg8 36. Qe8+ 1-0

[Event "42. Torneo Capablanca In Memoriam-Open"]
[Site "La Habana CUB"]
[Date "2007.05.27"]
[Round "9.32"]
[White "Valdes, Alejandro"]
[Black "Siebrecht, Sebastian"]
[Result "1/2-1/2"]
[WhiteElo "2121"]
[BlackElo "2464"]
[PlyCount "131"]
[EventDate "2007.05.18"]
[EventType "swiss"]
[EventRounds "9"]
[EventCountry "CUB"]
[Source "lmi"]
[SourceDate "2007.05.18"]

1. e4 g6 2. d4 Bg7 3. Nc3 d6 4. Be3 a6 5. Qd2 Nd7 6. Nf3 b5 7. a3 Bb7 8. Bd3 c5
9. O-O cxd4 10. Nxd4 Ngf6 11. Bh6 O-O 12. Rae1 e5 13. Nb3 Nc5 14. Bxg7 Kxg7 15.
f4 Re8 16. fxe5 Rxe5 17. Nd4 Bxe4 18. Bxe4 Ncxe4 19. Nxe4 Nxe4 20. Qf4 f5 21.
Qxe5+ dxe5 22. Ne6+ Kh6 23. Nxd8 Rxd8 24. Rd1 Rc8 25. c3 Nc5 26. Rd5 e4 27. g4
fxg4 28. Re5 Nd3 29. Rxe4 Nxb2 30. Rc1 Kg5 31. Re6 Nd3 32. Rc2 Nc5 33. Re7 h5
34. c4 Nb3 35. c5 Kf6 36. Re3 Nd4 37. Rc1 Rc6 38. Kg2 Ne6 39. Rc2 g5 40. Kf1 h4
41. Rd3 Rxc5 42. Rxc5 Nxc5 43. Rc3 Ne4 44. Rc6+ Kf5 45. Rxa6 Nd2+ 46. Kg2 Nc4
47. a4 bxa4 48. Rxa4 Nd2 49. Kf2 Nf3 50. Kg2 Ne1+ 51. Kf2 Nf3 52. Kg2 Ne5 53.
Kf2 Nd3+ 54. Kg2 Nf4+ 55. Kf2 Nd5 56. Ra5 Ke4 57. Ra4+ Kf5 58. Ra5 Ke5 59. Ra4
Nf6 60. Ke3 Nd5+ 61. Kf2 Kf5 62. Ra5 Ke5 63. Ra4 Nf6 64. Ke3 Nd5+ 65. Kf2 Nf6
66. Ke3 1/2-1/2

[Event "42. Torneo Capablanca In Memoriam-Open"]
[Site "La Habana CUB"]
[Date "2007.05.27"]
[Round "9.33"]
[White "Needleman, Alejandro"]
[Black "Vigoa Apecheche, Yanira"]
[Result "1-0"]
[WhiteElo "2357"]
[BlackElo "2217"]
[PlyCount "108"]
[EventDate "2007.05.18"]
[EventType "swiss"]
[EventRounds "9"]
[EventCountry "CUB"]
[Source "lmi"]
[SourceDate "2007.05.18"]

1. d4 Nf6 2. Nf3 d5 3. g3 g6 4. Bg2 Bg7 5. O-O O-O 6. c4 c6 7. Nc3 Ne4 8. Qb3
dxc4 9. Qxc4 Be6 10. Qd3 Nd6 11. Rd1 Na6 12. e4 Nc7 13. h3 Qd7 14. Kh2 Rad8 15.
b3 Ndb5 16. Be3 c5 17. Nxb5 Nxb5 18. d5 Bxa1 19. Rxa1 b6 20. Qf1 Bxd5 21. exd5
f6 22. Qc4 Nd6 23. Qc2 Nf5 24. Nd2 Nxe3 25. fxe3 e6 26. e4 e5 27. Nc4 Kg7 28.
a4 Rf7 29. h4 Re8 30. Qc3 Qd8 31. Re1 a6 32. Bh3 b5 33. Ne3 bxa4 34. bxa4 Rb7
35. Nc4 Rb4 36. a5 Re7 37. Re2 Reb7 38. Nb6 R7xb6 39. axb6 Qxb6 40. Rd2 Qd6 41.
Rc2 Rxe4 42. Bg2 Rd4 43. Qxc5 Qxc5 44. Rxc5 f5 45. Bf1 e4 46. Bxa6 Kf6 47. Bb7
Rd2+ 48. Kg1 Rd3 49. Kf2 Rd2+ 50. Kf1 Rd3 51. Rc7 Rxg3 52. d6 Rd3 53. d7 e3 54.
Ke2 Rd6 1-0

[Event "42. Torneo Capablanca In Memoriam-Open"]
[Site "La Habana CUB"]
[Date "2007.05.27"]
[Round "9.34"]
[White "Gomez, Felix"]
[Black "Fleitas Marti, Yuleikis"]
[Result "1-0"]
[WhiteElo "2329"]
[BlackElo "2165"]
[PlyCount "83"]
[EventDate "2007.05.18"]
[EventType "swiss"]
[EventRounds "9"]
[EventCountry "CUB"]
[Source "lmi"]
[SourceDate "2007.05.18"]

1. d4 d5 2. Nf3 Nf6 3. e3 Bf5 4. c4 c6 5. Qb3 Qc7 6. cxd5 cxd5 7. Nc3 e6 8. Bd2
Nc6 9. Rc1 Be7 10. Bb5 O-O 11. Ne5 Nd7 12. Nxd7 Qxd7 13. Na4 Rfc8 14. O-O Rab8
15. Nc5 Bxc5 16. Rxc5 Qd8 17. Rfc1 Ne7 18. f3 Rxc5 19. Rxc5 Rc8 20. Qc3 b6 21.
Rxc8 Qxc8 22. Qxc8+ Nxc8 23. Ba6 Ne7 24. Bb7 Bb1 25. a3 Nf5 26. Kf2 a5 27. Bc6
Nd6 28. Ke2 Nc4 29. Bc1 f5 30. b3 Nd6 31. a4 f4 32. g4 fxg3 33. hxg3 h5 34. Ba3
Nf7 35. b4 axb4 36. Bxb4 g6 37. Be7 Bc2 38. e4 Bb3 39. Bd7 dxe4 40. fxe4 Kg7
41. Kd3 Kh6 42. Be8 1-0

[Event "42. Torneo Capablanca In Memoriam-Open"]
[Site "La Habana CUB"]
[Date "2007.05.27"]
[Round "9.35"]
[White "Linares Napoles, Oleiny"]
[Black "Ramon Pita, Vivian"]
[Result "0-1"]
[WhiteElo "2241"]
[BlackElo "2259"]
[PlyCount "74"]
[EventDate "2007.05.18"]
[EventType "swiss"]
[EventRounds "9"]
[EventCountry "CUB"]
[Source "lmi"]
[SourceDate "2007.05.18"]

1. Nf3 d5 2. b3 c5 3. e3 Nc6 4. Bb2 f6 5. Bb5 a6 6. Bxc6+ bxc6 7. d3 Nh6 8. Qe2
e5 9. Nc3 Bd6 10. e4 Be6 11. Nd2 Rb8 12. h3 Nf7 13. Na4 O-O 14. g4 Qe7 15. c4
Nd8 16. Nf1 d4 17. Ng3 g6 18. h4 Bf7 19. h5 Ne6 20. hxg6 Bxg6 21. Nf5 Bxf5 22.
gxf5 Nf4 23. Qf3 Rf7 24. Bc1 Rg7 25. Bxf4 exf4 26. O-O-O Kh8 27. Rh6 Rbg8 28.
Rdh1 Rg1+ 29. Kc2 Rxh1 30. Qxh1 Rg5 31. e5 Bxe5 32. Nxc5 Rxf5 33. Ne6 Bd6 34.
Nxd4 Rg5 35. Qf3 Rg1 36. Rh1 Rxh1 37. Qxh1 Bc5 0-1

[Event "42. Torneo Capablanca In Memoriam-Open"]
[Site "La Habana CUB"]
[Date "2007.05.27"]
[Round "9.36"]
[White "Guillen Ramirez, Jose Antonio"]
[Black "Diaz Hernandez, Heriberto"]
[Result "0-1"]
[WhiteElo "2246"]
[BlackElo "2167"]
[PlyCount "54"]
[EventDate "2007.05.18"]
[EventType "swiss"]
[EventRounds "9"]
[EventCountry "CUB"]
[Source "lmi"]
[SourceDate "2007.05.18"]

1. f4 c5 2. e4 d5 3. exd5 Qxd5 4. Nf3 Qe4+ 5. Be2 Qxf4 6. Nc3 Qc7 7. d4 e6 8.
d5 Nf6 9. Nb5 Qa5+ 10. Bd2 Qb6 11. d6 Bxd6 12. O-O c4+ 13. Nfd4 Bc5 14. Be3 e5
15. Bxc4 exd4 16. Bg5 Be6 17. Bxe6 Qxb5 18. Bxf6 gxf6 19. Qh5 Kd8 20. Qxf7 Rf8
21. Qxh7 Qb6 22. Rae1 Qc7 23. Qf5 Qd6 24. Bc8 d3+ 25. Kh1 d2 26. Rd1 Kc7 27.
Rf3 Re8 0-1

[Event "42. Torneo Capablanca In Memoriam-Open"]
[Site "La Habana CUB"]
[Date "2007.05.27"]
[Round "9.37"]
[White "Lebredo Zaragoitia, Gerardo"]
[Black "Moya Hernandez, Yuleisys"]
[Result "1-0"]
[WhiteElo "2256"]
[BlackElo "2115"]
[PlyCount "73"]
[EventDate "2007.05.18"]
[EventType "swiss"]
[EventRounds "9"]
[EventCountry "CUB"]
[Source "lmi"]
[SourceDate "2007.05.18"]

1. d4 d5 2. c4 e6 3. Nc3 Nf6 4. Bg5 Be7 5. e3 Nbd7 6. Nf3 b6 7. cxd5 Nxd5 8.
Bxe7 Qxe7 9. Nxd5 exd5 10. Rc1 Qb4+ 11. Qd2 Qxd2+ 12. Kxd2 c5 13. Bb5 cxd4 14.
exd4 O-O 15. Rxc8 Raxc8 16. Bxd7 Rc7 17. Bb5 Rfc8 18. Bd3 g6 19. h4 Kg7 20. Re1
f6 21. h5 Kf7 22. h6 Rc6 23. g4 R6c7 24. Nh4 Rc6 25. Ng2 Rd6 26. Nf4 Rc7 27.
Re3 Rc8 28. Bc2 Rcd8 29. Rc3 R6d7 30. Ba4 Re7 31. Bb3 Red7 32. Rc6 Ke7 33. Kd3
Rd6 34. Rc7+ R8d7 35. Rxd7+ Kxd7 36. Nxd5 f5 37. g5 1-0

[Event "42. Torneo Capablanca In Memoriam-Open"]
[Site "La Habana CUB"]
[Date "2007.05.27"]
[Round "9.38"]
[White "Perez Rodriguez, Jennifer"]
[Black "Altamirano Gonzalez, Yehudi"]
[Result "1-0"]
[WhiteElo "2194"]
[BlackElo "2138"]
[PlyCount "93"]
[EventDate "2007.05.18"]
[EventType "swiss"]
[EventRounds "9"]
[EventCountry "CUB"]
[Source "lmi"]
[SourceDate "2007.05.18"]

1. e4 c5 2. c3 Nf6 3. e5 Nd5 4. d4 cxd4 5. Nf3 d6 6. cxd4 Nc6 7. Bc4 Nb6 8. Bb5
dxe5 9. Nxe5 Bd7 10. Nxd7 Qxd7 11. Nc3 e6 12. O-O Rd8 13. a4 a6 14. Bxc6 Qxc6
15. Bg5 f6 16. Be3 Be7 17. Qg4 Kf7 18. Rac1 h5 19. Qd1 Nd5 20. Qb3 Rc8 21. Rfe1
g5 22. Bd2 Qd7 23. Rxe6 Qxe6 24. Re1 Rxc3 25. bxc3 Qd7 26. h4 gxh4 27. c4 Nc7
28. Qxb7 h3 29. Bf4 Bd6 30. Bxd6 Qxd6 31. c5 Qd7 32. d5 Re8 33. Rxe8 Kxe8 34.
d6 Ne6 35. Qd5 Kf7 36. c6 Qc8 37. Qxh5+ Kg7 38. Qxh3 Qxc6 39. Qxe6 Qc1+ 40. Kh2
Qf4+ 41. Kh3 f5 42. f3 Qg5 43. Qe7+ Qxe7 44. dxe7 Kf7 45. Kh4 Kxe7 46. Kg5 Ke6
47. f4 1-0

[Event "42. Torneo Capablanca In Memoriam-Open"]
[Site "La Habana CUB"]
[Date "2007.05.27"]
[Round "9.39"]
[White "Miranda, Yerisbel"]
[Black "Frometa Castillo, Zirka"]
[Result "0-1"]
[WhiteElo "2102"]
[BlackElo "2164"]
[PlyCount "82"]
[EventDate "2007.05.18"]
[EventType "swiss"]
[EventRounds "9"]
[EventCountry "CUB"]
[Source "lmi"]
[SourceDate "2007.05.18"]

1. d4 d5 2. c4 e6 3. Nc3 Nf6 4. cxd5 exd5 5. Bg5 Be7 6. e3 c6 7. Bd3 h6 8. Bh4
Ne4 9. Bxe7 Qxe7 10. Nge2 Nxc3 11. bxc3 Nd7 12. O-O Nf6 13. Bc2 Ne4 14. Qc1 O-O
15. f3 Nd6 16. Ng3 f5 17. Re1 Qg5 18. Bd3 Be6 19. Qa3 Qd8 20. Qc1 Qc7 21. Ne2
Rae8 22. Nf4 Bf7 23. Bc2 c5 24. Nd3 cxd4 25. cxd4 Rc8 26. Bb3 Nc4 27. f4 Qa5
28. Qd1 Rc7 29. Ne5 Rfc8 30. Qd3 Be6 31. Re2 Nd6 32. h3 Ne4 33. Kh2 Rc3 34. Qd1
Qa3 35. Re1 Nf6 36. Nd3 b6 37. Rc1 Kh7 38. Rxc3 Rxc3 39. Qb1 Ne4 40. Re2 b5 41.
Nb2 Rxb3 0-1

[Event "42. Torneo Capablanca In Memoriam-Open"]
[Site "La Habana CUB"]
[Date "2007.05.27"]
[Round "9.41"]
[White "Corrales Jimenez, Zenia"]
[Black "Infante, Brian"]
[Result "0-1"]
[WhiteElo "2185"]
[BlackElo "2114"]
[PlyCount "124"]
[EventDate "2007.05.18"]
[EventType "swiss"]
[EventRounds "9"]
[EventCountry "CUB"]
[Source "lmi"]
[SourceDate "2007.05.18"]

1. e4 e5 2. Nf3 Nc6 3. d4 exd4 4. Nxd4 Nf6 5. Nxc6 bxc6 6. e5 Qe7 7. Qe2 Nd5 8.
c4 Nb6 9. Nd2 a5 10. Qe4 g6 11. Bd3 Bg7 12. O-O Bxe5 13. Re1 Bf6 14. Qxe7+ Bxe7
15. b3 d6 16. Bb2 Rg8 17. Be4 d5 18. Bd3 Be6 19. cxd5 Nxd5 20. Be4 O-O-O 21.
Nc4 Bb4 22. Rf1 Bc3 23. Rab1 Bxb2 24. Rxb2 a4 25. Bf3 Nb4 26. Be2 Bxc4 27. bxc4
Nd3 28. Rbb1 Rge8 29. Bd1 Nc5 30. Rb4 a3 31. Bf3 Re6 32. Rfb1 Rd2 33. g4 Rxa2
34. g5 Kd8 35. Rb8+ Ke7 36. Rc8 Rb2 37. Rd1 a2 38. Ra8 Nb3 39. Kg2 a1=Q 40.
Raxa1 Nxa1 41. Rxa1 Rc2 42. Ra4 Re5 43. h4 Rc5 44. Ra8 R5xc4 45. Kg3 Rb2 46.
Rh8 Rc3 47. Kg2 Rcc2 48. Rxh7 Rxf2+ 49. Kg3 Rf1 50. Bxc6 Rg1+ 51. Kf4 Rc1 52.
Bd5 Rf1+ 53. Kg3 c5 54. h5 gxh5 55. Rxh5 Rg1+ 56. Kf3 Rbg2 57. Kf4 Rf2+ 58. Ke5
Re1+ 59. Be4 Rfe2 60. Rh4 Rxe4+ 61. Rxe4 Rxe4+ 62. Kxe4 Ke6 0-1

[Event "42. Torneo Capablanca In Memoriam-Open"]
[Site "La Habana CUB"]
[Date "2007.05.28"]
[Round "10.2"]
[White "Hernandez Carmenates, Holden"]
[Black "Needleman, Gaston"]
[Result "1/2-1/2"]
[WhiteElo "2541"]
[BlackElo "2416"]
[PlyCount "101"]
[EventDate "2007.05.18"]
[EventType "swiss"]
[EventRounds "9"]
[EventCountry "CUB"]
[Source "lmi"]
[SourceDate "2007.05.18"]

1. Nf3 Nf6 2. c4 e6 3. d4 c5 4. d5 exd5 5. cxd5 d6 6. Nc3 g6 7. Nd2 Bg7 8. e4
O-O 9. Be2 Na6 10. O-O Nc7 11. a4 b6 12. Nc4 Ba6 13. Bg5 Qd7 14. f3 Rab8 15.
Qd2 Bxc4 16. Bxc4 a6 17. Be2 b5 18. axb5 axb5 19. Ra7 b4 20. Na4 Nfe8 21. Bh6
Bxh6 22. Qxh6 Qe7 23. Qd2 Qe5 24. Re1 Ra8 25. Rxa8 Nxa8 26. b3 Nf6 27. Qb2 Qe7
28. Qd2 Nd7 29. f4 Nab6 30. Nxb6 Nxb6 31. Bf3 Ra8 32. e5 Nd7 33. h3 Re8 34. e6
Nf6 35. f5 fxe6 36. Rxe6 Qf8 37. fxg6 hxg6 38. Qe2 Kg7 39. g4 Rxe6 40. dxe6 Ng8
41. Qe3 Ne7 42. g5 Qf5 43. Bg4 Qb1+ 44. Kg2 Qb2+ 45. Kg1 Nd5 46. Qf3 Qc1+ 47.
Kg2 Qd2+ 48. Kh1 Qc1+ 49. Kg2 Qd2+ 50. Kh1 Qe1+ 51. Kh2 1/2-1/2

[Event "42. Torneo Capablanca In Memoriam-Open"]
[Site "La Habana CUB"]
[Date "2007.05.28"]
[Round "10.3"]
[White "Zambrana, Oswaldo"]
[Black "Guerra Mendez, Jose Angel"]
[Result "1-0"]
[WhiteElo "2495"]
[BlackElo "2399"]
[PlyCount "93"]
[EventDate "2007.05.18"]
[EventType "swiss"]
[EventRounds "9"]
[EventCountry "CUB"]
[Source "lmi"]
[SourceDate "2007.05.18"]

1. e4 e5 2. Nf3 Nc6 3. Bc4 Bc5 4. c3 Nf6 5. d3 a6 6. Bb3 O-O 7. O-O Ba7 8. Bg5
h6 9. Bh4 d6 10. Nbd2 Be6 11. Kh1 Qe7 12. Bd5 Nd8 13. d4 c6 14. Bb3 Bxb3 15.
Qxb3 b5 16. a4 Ne6 17. Qa3 Qc7 18. Rad1 Nh5 19. dxe5 dxe5 20. Nb3 bxa4 21. Qxa4
Nhf4 22. Qc4 Rab8 23. Ra1 Rb5 24. Rxa6 Qb7 25. Ra3 Bb6 26. Nfd2 g5 27. Bg3 Rd8
28. Bxf4 Nxf4 29. g3 Nd3 30. Kg2 Qd7 31. h3 Kg7 32. Ra2 h5 33. Nd4 Nxb2 34.
Nf5+ Kg6 35. Rxb2 Rxb2 36. Nf3 f6 37. Qa4 Bc5 38. Qa5 Ba7 39. Qa3 Rdb8 40. Ne7+
Kf7 41. Nxc6 Qxc6 42. Qxa7+ R8b7 43. Qe3 Rc2 44. Qxg5 Qxe4 45. Qxh5+ Qg6 46.
Nxe5+ fxe5 47. Qf3+ 1-0

[Event "42. Torneo Capablanca In Memoriam-Open"]
[Site "La Habana CUB"]
[Date "2007.05.28"]
[Round "10.4"]
[White "Pozo Vera, Sandro"]
[Black "Leon Hoyos, Manuel"]
[Result "1-0"]
[WhiteElo "2448"]
[BlackElo "2454"]
[PlyCount "159"]
[EventDate "2007.05.18"]
[EventType "swiss"]
[EventRounds "9"]
[EventCountry "CUB"]
[Source "lmi"]
[SourceDate "2007.05.18"]

1. d4 Nf6 2. Nf3 e6 3. c4 c5 4. e3 Be7 5. Nc3 O-O 6. Bd3 d5 7. O-O Nc6 8. b3 b6
9. Bb2 cxd4 10. exd4 Bb7 11. a3 Rc8 12. Rc1 Re8 13. Re1 g6 14. cxd5 Nxd5 15.
Nxd5 exd5 16. b4 Qd6 17. h4 Bf6 18. Qd2 Rcd8 19. h5 Kg7 20. Ne5 Rxe5 21. dxe5
Nxe5 22. h6+ Kg8 23. Bxe5 Bxe5 24. Qe3 Bh2+ 25. Kf1 Bf4 26. Qe8+ Qf8 27. Qxf8+
Kxf8 28. Rc2 Rc8 29. Ree2 Rxc2 30. Rxc2 Ke7 31. g3 Bd6 32. Re2+ Kd8 33. Bb5 Be7
34. Rc2 Bg5 35. f4 Be7 36. Ke2 Bf8 37. Ke3 a5 38. bxa5 bxa5 39. a4 Bxh6 40. Rh2
Bf8 41. Rxh7 Bc5+ 42. Kd3 Ke7 43. Rh8 d4 44. Bc4 Bg2 45. Ke2 Kf6 46. Rh7 d3+
47. Bxd3 Bd5 48. Rh8 Bb3 49. Rc8 Bb4 50. Bc2 Be6 51. Rc6 Ke7 52. Bd3 Bd7 53.
Rc7 Kd6 54. Rb7 Be6 55. Rb8 Kc5 56. Rd8 Bc3 57. Bb5 Bd4 58. Bd7 Bc4+ 59. Kd2
Bf6 60. Rc8+ Kd4 61. Be8 Be7 62. Rc7 Bb4+ 63. Kc2 Bd3+ 64. Kb3 f6 65. Rg7 Bc4+
66. Kc2 Be1 67. g4 Bg3 68. g5 fxg5 69. fxg5 Bd3+ 70. Kd1 Be5 71. Rg8 Ke3 72.
Bxg6 Bc4 73. Re8 Kd4 74. Bc2 Bg7 75. Rd8+ Kc3 76. g6 Be6 77. Re8 Bg4+ 78. Kc1
Bd4 79. Re7 Bc5 80. g7 1-0

[Event "42. Torneo Capablanca In Memoriam-Open"]
[Site "La Habana CUB"]
[Date "2007.05.28"]
[Round "10.6"]
[White "Borges Mateos, Juan"]
[Black "Mateo, Ramon"]
[Result "0-1"]
[WhiteElo "2482"]
[BlackElo "2448"]
[PlyCount "56"]
[EventDate "2007.05.18"]
[EventType "swiss"]
[EventRounds "9"]
[EventCountry "CUB"]
[Source "lmi"]
[SourceDate "2007.05.18"]

1. Nf3 c5 2. c4 Nf6 3. g3 d5 4. cxd5 Nxd5 5. Bg2 Nc6 6. O-O Nc7 7. Nc3 e5 8. d3
Be7 9. Be3 O-O 10. Rc1 b6 11. a3 Bd7 12. Nd2 Re8 13. f4 exf4 14. Bxf4 Ne6 15.
Be3 Rc8 16. Nde4 Ne5 17. h3 Bc6 18. Kh2 Rf8 19. Rf2 f5 20. Nd2 Bxg2 21. Kxg2
Qd7 22. Nc4 Ng6 23. Qd2 b5 24. Na5 b4 25. Nd1 Bd6 26. Nc4 Bxg3 27. Kxg3 f4+ 28.
Kh2 Ng5 0-1

[Event "42. Torneo Capablanca In Memoriam-Open"]
[Site "La Habana CUB"]
[Date "2007.05.28"]
[Round "10.7"]
[White "Gomez Garrido, Camilo"]
[Black "Vera Gonzalez-Quevedo, Reynaldo"]
[Result "1/2-1/2"]
[WhiteElo "2413"]
[BlackElo "2481"]
[PlyCount "67"]
[EventDate "2007.05.18"]
[EventType "swiss"]
[EventRounds "9"]
[EventCountry "CUB"]
[Source "lmi"]
[SourceDate "2007.05.18"]

1. e4 c5 2. Nf3 d6 3. d4 Nf6 4. Nc3 cxd4 5. Nxd4 e6 6. Be3 Be7 7. f3 Nc6 8. Qd2
O-O 9. O-O-O d5 10. exd5 Nxd5 11. Nxd5 Qxd5 12. Nb3 Qe5 13. f4 Qc7 14. a3 Rd8
15. Bd3 e5 16. Qf2 Be6 17. Kb1 Bxb3 18. cxb3 exf4 19. Bxf4 Bd6 20. Bg5 Be7 21.
Bf4 Bd6 22. Bc1 Be5 23. h4 Rd6 24. Qc2 h6 25. Rdf1 Rad8 26. Bc4 R8d7 27. Qf5 b5
28. Bxb5 Nd4 29. Qxe5 Qc2+ 30. Ka1 Qxb3 31. Bxd7 Nc2+ 32. Kb1 Nxa3+ 33. Ka1
Nc2+ 34. Kb1 1/2-1/2

[Event "42. Torneo Capablanca In Memoriam-Open"]
[Site "La Habana CUB"]
[Date "2007.05.28"]
[Round "10.8"]
[White "Corrales Jimenez, Fidel"]
[Black "Baron Rodriguez, Jesus"]
[Result "1-0"]
[WhiteElo "2479"]
[BlackElo "2431"]
[PlyCount "83"]
[EventDate "2007.05.18"]
[EventType "swiss"]
[EventRounds "9"]
[EventCountry "CUB"]
[Source "lmi"]
[SourceDate "2007.05.18"]

1. e4 e5 2. Nf3 Nc6 3. Bb5 a6 4. Ba4 Nf6 5. O-O Nxe4 6. d4 b5 7. Bb3 d5 8. dxe5
Be6 9. c3 Bc5 10. Qd3 O-O 11. Nbd2 f5 12. exf6 Nxf6 13. a4 Rb8 14. axb5 axb5
15. Ng5 Qd6 16. Nxe6 Qxe6 17. Ne4 Bb6 18. Nxf6+ Qxf6 19. Be3 Ne5 20. Qxd5+ Kh8
21. Bxb6 Rxb6 22. Rae1 Nf7 23. Re3 Nd6 24. Rf3 Qd8 25. Rxf8+ Qxf8 26. Bc2 Rb8
27. Qh5 Qg8 28. Re1 b4 29. g3 bxc3 30. bxc3 Rb5 31. Qf3 Rc5 32. Re7 Qd8 33. Qd3
Rh5 34. Re5 Rh6 35. Ra5 Qc8 36. h4 Qg8 37. Ra7 Qc8 38. Qd5 c6 39. Qa5 Ne8 40.
Ra8 Qd7 41. Qf5 Qe7 42. Qe4 1-0

[Event "42. Torneo Capablanca In Memoriam-Open"]
[Site "La Habana CUB"]
[Date "2007.05.28"]
[Round "10.9"]
[White "Fernandez Garcia, Jose Luis"]
[Black "Fernandez, Alexey"]
[Result "0-1"]
[WhiteElo "2467"]
[BlackElo "2414"]
[PlyCount "98"]
[EventDate "2007.05.18"]
[EventType "swiss"]
[EventRounds "9"]
[EventCountry "CUB"]
[Source "lmi"]
[SourceDate "2007.05.18"]

1. e4 c5 2. Nf3 e6 3. d4 cxd4 4. Nxd4 Nf6 5. Nc3 d6 6. Be2 a6 7. O-O Be7 8. f4
Qc7 9. a4 Nc6 10. Be3 O-O 11. Kh1 Re8 12. Bf3 Bd7 13. Nb3 b6 14. g4 Bc8 15. g5
Nd7 16. Bg2 Rb8 17. Qh5 Nb4 18. Rac1 g6 19. Qh4 Bf8 20. Rf3 Bg7 21. Rh3 Nf8 22.
Qf2 Bd7 23. Rf3 Bc6 24. Bd4 e5 25. fxe5 dxe5 26. Be3 Ne6 27. Rf1 Re7 28. Rf6
Nf4 29. Bxf4 exf4 30. Nd4 Ba8 31. Nde2 h6 32. Rxf4 hxg5 33. Rg4 Qc5 34. Qxc5
bxc5 35. Rxg5 c4 36. b3 Nxc2 37. bxc4 Ne3 38. Re1 Rb2 39. Bf3 Nxc4 40. Nd5 Bxd5
41. Rxd5 Nd2 42. Ng1 Be5 43. Bg2 f6 44. Rd8+ Kg7 45. Ra8 Rc7 46. Rxa6 Rcc2 47.
Ne2 Nb3 48. Ra7+ Kh6 49. Bf3 Nd4 0-1